00680nam a2200217 a 450000100100000000500170001000800410002702000150006804000250008308200180010810000180012624000430014424500980018726000370028530000210032249000160034365000220035965000260038170000390040783000160044600002165020200930011409.0100909s1990 sp r 000 f spa d a8432246387 aDO-SdBNPbspacBNPHU a863.64bA385L1 aAlfau, Felipe10aLocos. A comedy of gestureslespañol10aLocos :buna comedia de gestos /cFelipe Alfau; traducción de Javier Fernández de Castro. aBarcelona :bSeix Barral,c1990. a196 p. ;c21 cm.1 aSeix Barral 4aNovela española 4aLiteratura española1 aFernández de Castro, Javieretr. 0aSeix Barral